000 00478nam a2200193Ia 4500
005 20240823014525.0
008 240823s9999||||xx |||||||||||||| ||und||
020 _a81-203-0516-7
041 _aENGLISH
082 _A005.432 P4
100 _a"Bach,Maurice J"
245 4 _aThe Design of the Unix Operating System
250 _a1st
260 _c2004
_b"PHI,New D"
500 _aYES
650 _aOperating System
_bComputer Applications
942 _cBK
999 _c170283
_d170283